00676nam a2200157Ia 4500008004100000020001800041050002400059100002600083245011900109260003400228300002600262650005800288700004200346952011300388999001700501120721s9999 xx 000 0 und d a84-481-2042-6 aQA76.9D35 J69 c1998 aJoyanes Aguilar, Luis aEstructura de datos : algoritmos, abstracción y objetos / Luis Joyanes Aguilar ; tr. Ignacio Zahonero Martínez aEspaña : McGraw-Hill, c1998 a857 p. : il. ; 23 cm. a1. Programación 2. Archivos 3. Estructuras de datos aI. Zahonero Martinez, Ignacio, tr.Ì 00104070a08b08d2008-12-17l6oQA76.9D35 J69 C1998p08 000084r2019-09-19s2019-09-19t1w2012-07-20yLB c81245d81245